مكتبة جامعة عجلون الوطنية

فهرس بحث المكتبة

اثر ديوان المحاسبة في تحقيق اهداف التنمية المستدامة في الوحدات والجهات الحكومية الأردنية : التدقيق المبني على المخاطر كمتغير معدل = The impact of Audit Bureau in Achieving Sustainable Development Goals in Jordanian Government Units and Agencies : Risk Based Auditing as a Moderating Variable / (Record no. 33580)

MARC details
000 -LEADER
fixed length control field 01185nam a22001937a 4500
003 - CONTROL NUMBER IDENTIFIER
control field JO-AjAnu
005 - DATE AND TIME OF LATEST TRANSACTION
control field 20240708135506.0
008 - FIXED-LENGTH DATA ELEMENTS--GENERAL INFORMATION
fixed length control field 240708b jo ||||| |||| 00| 0 ara d
040 ## - CATALOGING SOURCE
Original cataloging agency JO-AjAnu
Language of cataloging ARA
Transcribing agency JO-AjAnu
041 #0 - LANGUAGE CODE
Language code of original ARA
100 ## - MAIN ENTRY--PERSONAL NAME
Personal name دويكات، رشاد فلاح
Relator term معد
9 (RLIN) 66056
245 ## - TITLE STATEMENT
Title اثر ديوان المحاسبة في تحقيق اهداف التنمية المستدامة في الوحدات والجهات الحكومية الأردنية : التدقيق المبني على المخاطر كمتغير معدل = The impact of Audit Bureau in Achieving Sustainable Development Goals in Jordanian Government Units and Agencies : Risk Based Auditing as a Moderating Variable /
Statement of responsibility, etc. اعداد رشاد فلاح دويكات ؛ اشراف علي عبدالله علي الزعبي
260 ## - PUBLICATION, DISTRIBUTION, ETC.
Date of publication, distribution, etc. 2024
300 ## - PHYSICAL DESCRIPTION
Extent 100 ورقة
500 ## - GENERAL NOTE
General note رسالة جامعية (اطروحة ماجستير) جامعة عجلون الوطنية ، كلية الاعمال / تخصص المحاسبة، 2024
650 ## - SUBJECT ADDED ENTRY--TOPICAL TERM
Form subdivision الرقابة المالية-الأردن
700 ## - ADDED ENTRY--PERSONAL NAME
Personal name الزعبي، علي عبدالله علي
Relator term مشرف
9 (RLIN) 66058
942 ## - ADDED ENTRY ELEMENTS (KOHA)
Source of classification or shelving scheme Library of Congress Classification
Koha item type Thesis
Suppress in OPAC No
Holdings
Withdrawn status Lost status Source of classification or shelving scheme Damaged status Not for loan Home library Current library Date acquired Total Checkouts Full call number Barcode Date last seen Price effective from Koha item type
    Library of Congress Classification     مكتبة جامعة عجلون الوطنية مكتبة جامعة عجلون الوطنية 08/07/2024   HF5667.2024 A29908 08/07/2024 08/07/2024 Thesis
    Library of Congress Classification     مكتبة جامعة عجلون الوطنية مكتبة جامعة عجلون الوطنية 08/07/2024   HF5667.2024 A29909 08/07/2024 08/07/2024 Thesis